[Event "Quebec op"]
[Site "Montreal CAN"]
[Date "2012.07.24"]
[Round "5"]
[White "Le Duin, Thierry"]
[Black "Forget, Luc"]
[Result "1-0"]
[WhiteElo "1938"]
[BlackElo "2000"]
[PlyCount "119"]
[GameId "2160767909442066"]
[EventDate "2012.07.21"]
[EventType "swiss"]
[EventRounds "9"]
[EventCountry "CAN"]
[SourceTitle "EXT 2022"]
[Source "ChessBase"]
[SourceDate "2021.10.06"]
[SourceVersion "1"]
[SourceVersionDate "2021.10.06"]
[SourceQuality "1"]

1. d4 Nf6 2. Nf3 b6 3. Bg5 Bb7 4. Nbd2 d5 5. e3 e6 6. Bd3 Be7 7. O-O c5 8. c3 Nc6 9. Ne5 O-O 10. f4 cxd4 11. exd4 Rc8 12. Rf3 Nxe5 13. fxe5 Ne4 14. Bxe7 Qxe7 15. Qe2 f5 16. exf6 Rxf6 17. Nxe4 Rxf3 18. Qxf3 Rf8 19. Qe2 dxe4 20. Bxe4 Bxe4 21. Qxe4 h5 22. Re1 Rf6 23. g3 Qf7 24. Qg2 Qd7 25. Re5 g6 26. Qe2 Qf7 27. b3 Kh8 28. c4 Qe7 29. d5 Qc5+ 30. Kg2 exd5 31. Rxd5 Qc6 32. Qe5 Kg8 33. Kg1 Re6 34. Rd8+ Kf7 35. Qd5 Qc5+ 36. Qxc5 bxc5 37. Rd7+ Kf6 38. Rxa7 Ke5 39. Rd7 Ke4 40. Kf2 Ra6 41. Rd2 g5 42. Ke2 g4 43. a4 h4 44. gxh4 Rh6 45. Kd1 Rxh4 46. Kc2 Rh3 47. Kb2 Ke3 48. Rc2 Ke4 49. Ka3 Kd4 50. a5 g3 51. hxg3 Rxg3 52. Kb2 Rg5 53. Rd2+ Ke4 54. Ka3 Rg1 55. Ka4 Ra1+ 56. Kb5 Ra3 57. Kxc5 Rxb3 58. Ra2 Rb8 59. a6 Rc8+ 60. Kd6 1-0

[Event "Quebec op"]
[Site "Montreal CAN"]
[Date "2012.07.24"]
[Round "5"]
[White "Lebeau, Gilbert"]
[Black "He, Shao Hang"]
[Result "1-0"]
[WhiteElo "1978"]
[BlackElo "1607"]
[PlyCount "59"]
[GameId "2160767909442067"]
[EventDate "2012.07.21"]
[EventType "swiss"]
[EventRounds "9"]
[EventCountry "CAN"]
[SourceTitle "hb 2012"]

1. d4 d5 2. Nf3 Nf6 3. Bf4 e6 4. e3 c5 5. c3 Nc6 6. Bd3 b6 7. Bb5 Bd7 8. Qa4 Na5 9. Ne5 Bxb5 10. Qxb5+ Nd7 11. Qe2 Be7 12. Nf3 O-O 13. O-O Nf6 14. Nbd2 Bd6 15. Ne5 Qc7 16. Bg3 Nd7 17. f4 Nxe5 18. fxe5 Be7 19. e4 cxd4 20. exd5 Bc5 21. Kh1 dxc3 22. d6 Qc6 23. bxc3 Ba3 24. Ne4 Rac8 25. Rae1 Qc4 26. Qh5 h6 27. Rf4 Qxa2 28. Rg4 Kh8 29. Bf4 Kh7 30. Rxg7+ 1-0

[Event "Quebec op"]
[Site "Montreal CAN"]
[Date "2012.07.24"]
[Round "5"]
[White "Leveille, Francois"]
[Black "Masse, Hugues"]
[Result "0-1"]
[WhiteElo "2301"]
[BlackElo "2232"]
[PlyCount "104"]
[GameId "2160767909442068"]
[EventDate "2012.07.21"]
[EventType "swiss"]
[EventRounds "9"]
[EventCountry "CAN"]
[SourceTitle "CBM 149 Extra"]
[Source "ChessBase"]
[SourceDate "2012.08.24"]
[SourceVersion "1"]
[SourceVersionDate "2012.08.24"]
[SourceQuality "1"]

1. e4 c5 2. Nf3 d6 3. d4 cxd4 4. Nxd4 Nf6 5. Nc3 a6 6. f4 e5 7. Nf3 Nbd7 8. Bd3 Be7 9. O-O b5 10. Qe1 O-O 11. Kh1 Bb7 12. Nh4 b4 13. Na4 Bxe4 14. fxe5 Bxd3 15. cxd3 dxe5 16. Nf5 g6 17. Nxe7+ Qxe7 18. Bg5 Qd6 19. d4 exd4 20. Qh4 Nh5 21. Be7 Qc6 22. Bxf8 Nxf8 23. Qxd4 Qxa4 24. Rxf7 Ne6 25. Qd5 Re8 26. Raf1 Nhg7 27. Qb7 h6 28. h3 Qb5 29. Qxb5 axb5 30. R7f6 Kh7 31. Rd1 Re7 32. Re1 Ra7 33. Re4 Rxa2 34. Rxb4 Ra5 35. Kg1 g5 36. Kf1 Nf4 37. Rd6 Nf5 38. Rd7+ Kg6 39. g4 Ne3+ 40. Kf2 Ned5 41. Re4 Ra2 42. Rd6+ Nf6 43. Re5 Rxb2+ 44. Ke1 b4 45. Kd1 Rb3 46. Kc2 Rc3+ 47. Kb1 Rd3 48. Rb6 N4d5 49. Ra6 b3 50. Kb2 Ne3 51. Re4 Nd1+ 52. Kc1 b2+ 0-1

[Event "Quebec op"]
[Site "Montreal CAN"]
[Date "2012.07.24"]
[Round "5"]
[White "Libersan, Thierry"]
[Black "Rondon, Luciano"]
[Result "0-1"]
[WhiteElo "2153"]
[BlackElo "1844"]
[PlyCount "108"]
[GameId "2160767909442069"]
[EventDate "2012.07.21"]
[EventType "swiss"]
[EventRounds "9"]
[EventCountry "CAN"]
[SourceTitle "hb 2012"]

1. e4 c5 2. Nf3 e6 3. d4 cxd4 4. Nxd4 Nf6 5. Nc3 d6 6. g4 h6 7. Rg1 Nc6 8. h4 h5 9. gxh5 Nxh5 10. Bg5 Qb6 11. Nb3 a6 12. Qd2 Qc7 13. O-O-O Be7 14. Be2 g6 15. Bxe7 Kxe7 16. f4 Bd7 17. f5 Rag8 18. fxg6 fxg6 19. Qg5+ Ke8 20. Bxh5 Rxh5 21. Qxh5 gxh5 22. Rxg8+ Ke7 23. Rg7+ Ke8 24. Rh7 Qb6 25. Rxh5 Ne5 26. Rh8+ Kf7 27. Rf1+ Kg7 28. Rhf8 Qe3+ 29. Kb1 Bb5 30. Nxb5 axb5 31. R8f4 b4 32. Nc1 Nc4 33. Rg4+ Kh6 34. Rfg1 Nd2+ 35. Ka1 Nf3 36. Rd1 b3 37. axb3 Nd2 38. Rg2 Nxe4 39. Rdg1 e5 40. Rg8 Qa7+ 41. Na2 Kh7 42. h5 Qf2 43. R8g2 Qf4 44. Rg7+ Kh8 45. R7g4 Qf2 46. h6 Nf6 47. R4g2 Qf4 48. Nc3 e4 49. Ne2 Qe5 50. Rg5 Qh2 51. Nd4 e3 52. Ne6 Qxc2 53. Rg6 e2 54. Nd8 e1=Q+ 0-1

[Event "Quebec op"]
[Site "Montreal CAN"]
[Date "2012.07.24"]
[Round "5"]
[White "Luksza, Arkadiusz"]
[Black "Robidas, Francois"]
[Result "1-0"]
[WhiteElo "2143"]
[BlackElo "1994"]
[PlyCount "135"]
[GameId "2160767909442070"]
[EventDate "2012.07.21"]
[EventType "swiss"]
[EventRounds "9"]
[EventCountry "CAN"]
[SourceTitle "hb 2012"]

1. d4 d5 2. c4 e6 3. Nc3 c5 4. cxd5 exd5 5. Nf3 Nc6 6. g3 Nf6 7. Bg2 Be7 8. O-O O-O 9. Bg5 cxd4 10. Nxd4 h6 11. Bf4 Bg4 12. h3 Be6 13. Rc1 Qd7 14. Nxe6 fxe6 15. e4 d4 16. e5 Nh7 17. Nb5 Rfd8 18. g4 Ng5 19. Nd6 Rab8 20. h4 Bxd6 21. hxg5 hxg5 22. Bxg5 Be7 23. Bf4 Rbc8 24. g5 Qe8 25. Be4 Qf7 26. Qg4 g6 27. Kg2 Bf8 28. Rh1 Bg7 29. Qg3 Rf8 30. Rh4 Ne7 31. Rch1 Nf5 32. Bxf5 Qxf5 33. Re1 d3 34. Bd2 Rc2 35. Rf4 Rxd2 36. Rxf5 Rxf5 37. Re3 Rxb2 38. Rxd3 Bxe5 39. Qh4 Rfxf2+ 40. Qxf2 Rxf2+ 41. Kxf2 Bf4 42. Rd8+ Kf7 43. Rd7+ Kf8 44. Rxb7 a5 45. Ra7 Bd2 46. Kf3 Bb4 47. Ke4 Bc3 48. a4 Ke8 49. Kd3 Bb4 50. Kd4 Bd2 51. Ke5 Bxg5 52. Kxe6 Bd8 53. Rg7 Kf8 54. Rxg6 Bh4 55. Rh6 Be1 56. Rh8+ Kg7 57. Rh1 Bb4 58. Rf1 Bc3 59. Kd5 Kg6 60. Kc4 Bd2 61. Kb5 Bb4 62. Kb6 Bc3 63. Rf8 Bb4 64. Ra8 Kf7 65. Rxa5 Bxa5+ 66. Kxa5 Ke7 67. Kb6 Kd8 68. Kb7 1-0

[Event "Quebec op"]
[Site "Montreal CAN"]
[Date "2012.07.24"]
[Round "5"]
[White "Luo, Zhao Yang"]
[Black "Casareno, Erwin"]
[Result "0-1"]
[WhiteElo "2042"]
[BlackElo "2246"]
[PlyCount "56"]
[GameId "2160767909442071"]
[EventDate "2012.07.21"]
[EventType "swiss"]
[EventRounds "9"]
[EventCountry "CAN"]
[SourceTitle "hb 2012"]

1. d4 c5 2. e3 Nf6 3. Nf3 e6 4. Bd3 d5 5. b3 cxd4 6. exd4 Bd6 7. O-O O-O 8. Bb2 Nc6 9. a3 Bd7 10. Ne5 Rc8 11. Nd2 Ne7 12. f4 Bc6 13. Qf3 g6 14. Qh3 h5 15. Ndf3 Nf5 16. Rae1 Bxe5 17. Nxe5 Kg7 18. Rf2 Qb6 19. Bxf5 exf5 20. c4 Ne4 21. Rc2 Qa5 22. Rec1 f6 23. b4 Qa4 24. Qd3 fxe5 25. dxe5 dxc4 26. e6+ Kh6 27. Qd4 Rg8 28. Rxc4 Rcd8 0-1

[Event "Quebec op"]
[Site "Montreal CAN"]
[Date "2012.07.24"]
[Round "5"]
[White "Oliva Castaneda, Kevel"]
[Black "Bojkov, Dejan"]
[Result "1/2-1/2"]
[WhiteElo "2320"]
[BlackElo "2556"]
[PlyCount "43"]
[GameId "2160767909442072"]
[EventDate "2012.07.21"]
[EventType "swiss"]
[EventRounds "9"]
[EventCountry "CAN"]
[SourceTitle "CBM 149 Extra"]
[Source "ChessBase"]
[SourceDate "2012.08.24"]
[SourceVersion "1"]
[SourceVersionDate "2012.08.24"]
[SourceQuality "1"]

1. Nf3 Nf6 2. c4 g6 3. Nc3 Bg7 4. e4 d6 5. d4 O-O 6. Be2 e5 7. O-O exd4 8. Nxd4 Re8 9. f3 c6 10. Be3 d5 11. cxd5 Nxd5 12. Nxd5 cxd5 13. Qb3 Nc6 14. Rad1 Nxd4 15. Bxd4 Bxd4+ 16. Rxd4 Qf6 17. Rd2 Qf4 18. Qxd5 Be6 19. Qd4 Bxa2 20. g3 Qc7 21. Qe3 Be6 22. f4 1/2-1/2

[Event "Quebec op"]
[Site "Montreal CAN"]
[Date "2012.07.24"]
[Round "5"]
[White "Panjwani, Raja"]
[Black "Noritsyn, Nikolay"]
[Result "1-0"]
[WhiteElo "2392"]
[BlackElo "2460"]
[PlyCount "71"]
[GameId "2160767909442073"]
[EventDate "2012.07.21"]
[EventType "swiss"]
[EventRounds "9"]
[EventCountry "CAN"]
[SourceTitle "CBM 149 Extra"]
[Source "ChessBase"]
[SourceDate "2012.08.24"]
[SourceVersion "1"]
[SourceVersionDate "2012.08.24"]
[SourceQuality "1"]

1. d4 g6 2. c4 Bg7 3. e4 d6 4. Nc3 e5 5. Nge2 Nc6 6. Be3 Nh6 7. f3 f5 8. Qd2 f4 9. Bf2 O-O 10. d5 Ne7 11. h4 Nf7 12. g3 fxg3 13. Be3 c6 14. Nxg3 cxd5 15. cxd5 h5 16. O-O-O b5 17. Bxb5 Qa5 18. Kb1 Rb8 19. Be2 Bd7 20. Rc1 Rb4 21. Nd1 Rfb8 22. Rc4 Nc8 23. b3 Kh7 24. Rxb4 Rxb4 25. Nb2 Bh6 26. Bxh6 Nxh6 27. Nc4 Qa4 28. Qb2 Qa6 29. Nxe5 Qb7 30. Nd3 Rb6 31. Nf4 a5 32. Rg1 Be8 33. Ne6 a4 34. Nxh5 Ng8 35. Nf8+ Kh6 36. Qh8+ 1-0

[Event "Quebec op"]
[Site "Montreal CAN"]
[Date "2012.07.24"]
[Round "5"]
[White "Perez Garcia, Rodney Oscar"]
[Black "Yang, Darwin"]
[Result "1/2-1/2"]
[WhiteElo "2412"]
[BlackElo "2498"]
[PlyCount "57"]
[GameId "2160767909442074"]
[EventDate "2012.07.21"]
[EventType "swiss"]
[EventRounds "9"]
[EventCountry "CAN"]
[SourceTitle "CBM 149 Extra"]
[Source "ChessBase"]
[SourceDate "2012.08.24"]
[SourceVersion "1"]
[SourceVersionDate "2012.08.24"]
[SourceQuality "1"]

1. e4 e6 2. d4 d5 3. Nc3 Nf6 4. Bg5 Bb4 5. Nge2 dxe4 6. a3 Be7 7. Bxf6 gxf6 8. Nxe4 Nd7 9. g3 f5 10. N4c3 Nf6 11. Bg2 c6 12. Qd3 Bd7 13. b4 Qc7 14. O-O O-O 15. Na4 Rad8 16. c4 Bc8 17. Qc2 Rfe8 18. Rad1 Bf8 19. Nb2 b6 20. Nd3 Bb7 21. c5 Nd5 22. Ndf4 Nxf4 23. Nxf4 Bg7 24. Nh5 Bxd4 25. Qc1 Bh8 26. Qg5+ Kf8 27. Qh6+ Kg8 28. Qg5+ Kf8 29. Qh6+ 1/2-1/2

[Event "Quebec op"]
[Site "Montreal CAN"]
[Date "2012.07.24"]
[Round "5"]
[White "Piasetski, Leon"]
[Black "Kleinman, Michael"]
[Result "1/2-1/2"]
[WhiteElo "2290"]
[BlackElo "2293"]
[PlyCount "180"]
[GameId "2160767909442075"]
[EventDate "2012.07.21"]
[EventType "swiss"]
[EventRounds "9"]
[EventCountry "CAN"]
[SourceTitle "CBM 149 Extra"]
[Source "ChessBase"]
[SourceDate "2012.08.24"]
[SourceVersion "1"]
[SourceVersionDate "2012.08.24"]
[SourceQuality "1"]

1. f4 Nf6 2. Nf3 g6 3. g3 Bg7 4. Bg2 c5 5. O-O O-O 6. d3 d5 7. Ne5 Nbd7 8. Nxd7 Bxd7 9. Qe1 Bc6 10. Kh1 e5 11. Nc3 e4 12. dxe4 Nxe4 13. Nxe4 dxe4 14. f5 Re8 15. g4 g5 16. c3 Be5 17. Be3 b6 18. Qd2 f6 19. Rad1 Qe7 20. b4 Rad8 21. Qc2 Bd6 22. bxc5 bxc5 23. Qb3+ Kh8 24. Qc4 Qe5 25. Rxd6 Qxd6 26. Bxc5 Qd5 27. Qb4 Rb8 28. Qa3 Rb7 29. Bd4 Kg7 30. e3 Bb5 31. Rb1 Bd3 32. Rxb7+ Qxb7 33. h3 Qc7 34. Qxa7 Qxa7 35. Bxa7 Ra8 36. Bd4 Rxa2 37. h4 h6 38. hxg5 hxg5 39. Kg1 Rc2 40. Kh1 Kf7 41. Kg1 Kg7 42. Kh1 Ra2 43. Kg1 Ra6 44. Kf2 Kf7 45. c4 Ra2+ 46. Kg3 Rc2 47. c5 Ke7 48. Kh3 Ra2 49. Kg3 Ra8 50. Kf2 Rh8 51. Kg3 Rh4 52. Bc3 Bc2 53. Bd4 Bd1 54. Bh3 Bf3 55. Bc3 Rh6 56. Bd4 Kd7 57. Bg2 Bxg2 58. Kxg2 Ke7 59. Bc3 Rh8 60. Bd4 Ra8 61. Kg3 Ra2 62. Kh3 Rf2 63. Kg3 Re2 64. Kh3 Rd2 65. Kg3 Ra2 66. Kh3 Ra6 67. Kg3 Kd7 68. Kf2 Rc6 69. Ke2 Ra6 70. Kd2 Ra2+ 71. Kc3 Ke7 72. Kc4 Rg2 73. Kd5 Rxg4 74. c6 Rg1 75. Bc5+ Kd8 76. Bd4 Ke7 77. Bc5+ Kd8 78. Bd4 Rd1 79. Kxe4 Ke7 80. Bc5+ Ke8 81. Bd4 Ke7 82. Bc5+ Ke8 83. Bd4 Kf7 84. Bc5 Rd8 85. c7 Rc8 86. Bd6 Ke8 87. Kd5 Kd7 88. e4 g4 89. e5 fxe5 90. Bxe5 Rxc7 1/2-1/2

[Event "Quebec op"]
[Site "Montreal CAN"]
[Date "2012.07.24"]
[Round "5"]
[White "Prahov, Valentin"]
[Black "Kraiouchkine, Nikita"]
[Result "0-1"]
[WhiteElo "2209"]
[BlackElo "2204"]
[PlyCount "100"]
[GameId "2160767909442076"]
[EventDate "2012.07.21"]
[EventType "swiss"]
[EventRounds "9"]
[EventCountry "CAN"]
[SourceTitle "CBM 149 Extra"]
[Source "ChessBase"]
[SourceDate "2012.08.24"]
[SourceVersion "1"]
[SourceVersionDate "2012.08.24"]
[SourceQuality "1"]

1. e4 c5 2. d4 cxd4 3. c3 dxc3 4. Nxc3 Nc6 5. Nf3 e6 6. Bc4 a6 7. O-O Qc7 8. Qe2 Nge7 9. Rd1 Ng6 10. Bg5 Bc5 11. Rac1 O-O 12. Bb3 d6 13. h4 f6 14. h5 Nge5 15. Bf4 Nxf3+ 16. Qxf3 Nd4 17. Rxd4 Bxd4 18. Nb5 Qb6 19. Nxd6 Bd7 20. Nf5 Kh8 21. Nxd4 e5 22. Ne2 exf4 23. Nxf4 Be8 24. Qg3 Bf7 25. Ng6+ Bxg6 26. hxg6 Rac8 27. Rxc8 Rxc8 28. Qh3 Rc1+ 29. Kh2 Qd6+ 30. g3 h6 31. Bd5 Qe5 32. Kg2 Rc7 33. a4 f5 34. Qxf5 Qxf5 35. exf5 Rc5 36. Be6 b5 37. axb5 Rxb5 38. b3 Rb4 39. f3 a5 40. g4 a4 41. bxa4 Rxa4 42. Kg3 Rd4 43. Kf2 Ra4 44. Ke3 Rb4 45. Bd5 Ra4 46. Kd3 Rb4 47. Bc4 h5 48. g5 Rxc4 49. Kxc4 h4 50. f6 Kg8 0-1

[Event "Quebec op"]
[Site "Montreal CAN"]
[Date "2012.07.24"]
[Round "5"]
[White "Ramaswamy, Kiran"]
[Black "Malveau, Cedric"]
[Result "1/2-1/2"]
[WhiteElo "2037"]
[BlackElo "1951"]
[PlyCount "82"]
[GameId "2160767909442077"]
[EventDate "2012.07.21"]
[EventType "swiss"]
[EventRounds "9"]
[EventCountry "CAN"]
[SourceTitle "hb 2012"]

1. c4 Nf6 2. g3 e6 3. Bg2 d5 4. cxd5 exd5 5. Nf3 Be7 6. O-O O-O 7. d3 c5 8. Na3 Nc6 9. Nc2 b6 10. Bd2 Bb7 11. Rb1 Rc8 12. b4 cxb4 13. Nxb4 Nxb4 14. Bxb4 Bxb4 15. Rxb4 Rc3 16. Nd4 Qd7 17. Qd2 Rc5 18. Rc1 Rfc8 19. Rbb1 h6 20. Nb3 R5c7 21. Rxc7 Rxc7 22. Rc1 Qc8 23. Qf4 Rxc1+ 24. Qxc1 Qxc1+ 25. Nxc1 Kf8 26. Nb3 Ke7 27. Nd4 g6 28. Kf1 Kd6 29. a3 Kc5 30. e3 b5 31. Nb3+ Kb6 32. Ke2 a5 33. h3 b4 34. axb4 axb4 35. Kd2 Nd7 36. Kc2 Nc5 37. Nxc5 Kxc5 38. Kb3 Kb5 39. h4 Bc6 40. f4 f5 41. d4 h5 1/2-1/2

[Event "Quebec op"]
[Site "Montreal CAN"]
[Date "2012.07.24"]
[Round "5"]
[White "Sambuev, Bator"]
[Black "Jiang, Louie"]
[Result "1-0"]
[WhiteElo "2542"]
[BlackElo "2337"]
[PlyCount "93"]
[GameId "2160767909442078"]
[EventDate "2012.07.21"]
[EventType "swiss"]
[EventRounds "9"]
[EventCountry "CAN"]
[SourceTitle "CBM 149 Extra"]
[Source "ChessBase"]
[SourceDate "2012.08.24"]
[SourceVersion "1"]
[SourceVersionDate "2012.08.24"]
[SourceQuality "1"]

1. d4 Nf6 2. Nf3 e6 3. e3 b6 4. Bd3 Bb7 5. O-O d5 6. b3 Nbd7 7. Bb2 Bd6 8. Ne5 O-O 9. Qf3 Ne4 10. Qh3 f5 11. f3 Ng5 12. Qg3 Nf7 13. Nd2 Qe7 14. Rad1 a5 15. c4 Nfxe5 16. dxe5 Bb4 17. cxd5 Bxd5 18. Bd4 Nc5 19. Bc2 a4 20. bxa4 Bxa2 21. Ra1 Bd5 22. Qf2 Bc6 23. Rfc1 Bxa4 24. Bxc5 Qxc5 25. Bxf5 Bd7 26. Rab1 Qe7 27. Bc2 b5 28. Ne4 c5 29. Nd6 Ba3 30. Rd1 Rab8 31. Qd2 g6 32. Ne4 Be8 33. Nf6+ Kg7 34. Bd3 Bb4 35. Qa2 c4 36. Bf1 Bc5 37. Bxc4 Bxe3+ 38. Kh1 Bf4 39. Bxe6 Bxe5 40. Nd7 Bc7 41. Qb2+ Kh6 42. Nxf8 Qxf8 43. Bd7 g5 44. Qb4 Qf7 45. Rbc1 Bf4 46. Rc6+ Kg7 47. Qc3+ 1-0

[Event "Quebec op"]
[Site "Montreal CAN"]
[Date "2012.07.24"]
[Round "5"]
[White "Sarrazin-Gendron, Roman"]
[Black "Abreu Cordero, Jose"]
[Result "0-1"]
[WhiteElo "1938"]
[BlackElo "2010"]
[PlyCount "83"]
[GameId "2160767909442079"]
[EventDate "2012.07.21"]
[EventType "swiss"]
[EventRounds "9"]
[EventCountry "CAN"]
[SourceTitle "EXT 2022"]
[Source "ChessBase"]
[SourceDate "2021.10.06"]
[SourceVersion "1"]
[SourceVersionDate "2021.10.06"]
[SourceQuality "1"]

1. e4 c5 2. Nf3 d6 3. d4 cxd4 4. Nxd4 Nf6 5. Nc3 a6 6. Be3 e6 7. f3 Be7 8. Qd2 Qc7 9. Be2 Nbd7 10. O-O-O b5 11. Kb1 Bb7 12. g4 Ne5 13. g5 Nfd7 14. f4 Nc4 15. Bxc4 Qxc4 16. Qg2 b4 17. Nce2 a5 18. b3 Qa6 19. Ng3 a4 20. h4 Nc5 21. h5 axb3 22. cxb3 e5 23. Ndf5 Nxe4 24. Nxe4 Bxe4+ 25. Qxe4 Qxa2+ 26. Kc1 Rc8+ 27. Qc4 Rxc4+ 28. bxc4 Qxc4+ 29. Kd2 exf4 30. Bd4 Qd5 31. Rhe1 Qxf5 32. Bxg7 Qd5+ 33. Kc2 Qa2+ 34. Kc1 b3 35. Rd2 Qa3+ 36. Kb1 Kd7 37. Bxh8 Bxg5 38. Be5 Be7 39. Bxf4 Qb4 40. Be3 Bf6 41. Red1 Qc3 42. Rxd6+ 0-1

[Event "Quebec op"]
[Site "Montreal CAN"]
[Date "2012.07.24"]
[Round "5"]
[White "So, Wesley"]
[Black "Smith, Bryan G"]
[Result "1/2-1/2"]
[WhiteElo "2650"]
[BlackElo "2441"]
[PlyCount "72"]
[GameId "2160767909442080"]
[EventDate "2012.07.21"]
[EventType "swiss"]
[EventRounds "9"]
[EventCountry "CAN"]
[SourceTitle "CBM 149 Extra"]
[Source "ChessBase"]
[SourceDate "2012.08.24"]
[SourceVersion "1"]
[SourceVersionDate "2012.08.24"]
[SourceQuality "1"]

1. d4 Nf6 2. c4 g6 3. Nc3 Bg7 4. e4 d6 5. Nf3 O-O 6. Be2 e5 7. O-O Nc6 8. d5 Ne7 9. Ne1 Nd7 10. f3 f5 11. Nd3 Kh8 12. Be3 c5 13. dxc6 bxc6 14. b4 Nb6 15. Nb2 d5 16. c5 d4 17. cxb6 dxe3 18. Qxd8 Rxd8 19. bxa7 Rxa7 20. Nc4 Be6 21. Rfb1 Rd4 22. Nxe3 Ra3 23. Ned1 Rd2 24. Kf1 Bh6 25. b5 cxb5 26. Rxb5 Nc6 27. Rab1 Nd4 28. Rxe5 Bf4 29. Rb8+ Kg7 30. Rb7+ Kf6 31. Rxe6+ Kxe6 32. Nb1 Rxe2 33. Nxa3 Rxa2 34. Nb5 Nxb5 35. exf5+ gxf5 36. Rxb5 Bxh2 1/2-1/2

[Event "Quebec op"]
[Site "Montreal CAN"]
[Date "2012.07.24"]
[Round "5"]
[White "Sprumont, Oscar"]
[Black "Fradet, Charles-William"]
[Result "1-0"]
[WhiteElo "1857"]
[BlackElo "1658"]
[PlyCount "48"]
[GameId "2160767909442081"]
[EventDate "2012.07.21"]
[EventType "swiss"]
[EventRounds "9"]
[EventCountry "CAN"]
[SourceTitle "hb 2012"]

1. e4 e6 2. d4 d5 3. e5 c5 4. c3 Nc6 5. Nf3 Qb6 6. a3 Nge7 7. Bd3 Ng6 8. O-O Bd7 9. Bc2 Be7 10. dxc5 Bxc5 11. b4 Be7 12. Re1 O-O 13. h4 Bxh4 14. Be3 Qd8 15. c4 Ncxe5 16. Nxe5 Nxe5 17. Bc5 Qf6 18. Bd4 Nf3+ 19. gxf3 Qg5+ 20. Kf1 e5 21. Be3 Bh3+ 22. Ke2 Qh5 23. cxd5 Bg2 24. Nd2 f5 1-0

[Event "Quebec op"]
[Site "Montreal CAN"]
[Date "2012.07.24"]
[Round "5"]
[White "Tessier, Olivier"]
[Black "Yun, Chang"]
[Result "1-0"]
[WhiteElo "2194"]
[BlackElo "1988"]
[PlyCount "121"]
[GameId "2160767909442082"]
[EventDate "2012.07.21"]
[EventType "swiss"]
[EventRounds "9"]
[EventCountry "CAN"]
[SourceTitle "EXT 2022"]
[Source "ChessBase"]
[SourceDate "2021.10.06"]
[SourceVersion "1"]
[SourceVersionDate "2021.10.06"]
[SourceQuality "1"]

1. c4 c5 2. Nc3 Nc6 3. g3 g6 4. Bg2 Bg7 5. Nf3 e5 6. d3 Nge7 7. Rb1 O-O 8. O-O d6 9. Ne1 Be6 10. a3 a5 11. Nc2 d5 12. cxd5 Nxd5 13. Ne3 Nce7 14. Qc2 Rc8 15. Qa4 b6 16. Qb5 Nxe3 17. Bxe3 Nf5 18. Na4 Nxe3 19. fxe3 Bd7 20. Qb3 Bxa4 21. Qxa4 Qe8 22. Qb3 Qd8 23. Bd5 Qc7 24. Rf3 Rcd8 25. Rbf1 Rd7 26. e4 Re7 27. Kg2 h6 28. h3 Rd7 29. g4 Re7 30. Kg3 Rd7 31. h4 Re7 32. h5 g5 33. Qa2 Qa7 34. Qc4 Rc7 35. Kg2 Bh8 36. Rf5 Bg7 37. R1f3 Bh8 38. a4 Re7 39. Qb3 Bg7 40. e3 Qc7 41. Qa2 Bh8 42. b3 Bg7 43. Qf2 Bh8 44. Bc4 Bg7 45. Qg3 Qa7 46. Qf2 Qc7 47. Bd5 Bh8 48. Qc2 Qa7 49. d4 Qc7 50. dxc5 Qxc5 51. Rf2 Rc7 52. Qxc5 bxc5 53. Kf1 Bg7 54. Ke2 Bh8 55. Kd3 Bg7 56. Kc4 Bh8 57. Kb5 Rb8+ 58. Ka6 Rf8 59. Kxa5 Kg7 60. Rf6 Kg8 61. Rxh6 1-0

[Event "Quebec op"]
[Site "Montreal CAN"]
[Date "2012.07.24"]
[Round "5"]
[White "Thavandiran, Shiyam"]
[Black "Berube, Antoine"]
[Result "1-0"]
[WhiteElo "2301"]
[BlackElo "2152"]
[PlyCount "103"]
[GameId "2160767909442083"]
[EventDate "2012.07.21"]
[EventType "swiss"]
[EventRounds "9"]
[EventCountry "CAN"]
[SourceTitle "CBM 149 Extra"]
[Source "ChessBase"]
[SourceDate "2012.08.24"]
[SourceVersion "1"]
[SourceVersionDate "2012.08.24"]
[SourceQuality "1"]

1. c4 e5 2. g3 Nf6 3. Bg2 Nc6 4. Nc3 Bb4 5. Nd5 Bc5 6. e3 O-O 7. Ne2 Nxd5 8. cxd5 Ne7 9. O-O d6 10. d4 exd4 11. Nxd4 Nf5 12. Nc2 Re8 13. b4 Bb6 14. Bb2 Qg5 15. h3 a5 16. Kh2 Bd7 17. Qd3 axb4 18. e4 Ne7 19. f4 Qh5 20. f5 f6 21. g4 Qf7 22. Nxb4 Kh8 23. Nc2 Ng8 24. Nd4 Bxd4 25. Bxd4 Re7 26. Rfb1 Bc8 27. Be3 Qe8 28. Rb4 Nh6 29. Bxh6 gxh6 30. Qc3 Qf7 31. Bf3 Qg7 32. h4 b6 33. a4 Kg8 34. Rbb1 Rd7 35. a5 bxa5 36. Rxa5 Rxa5 37. Qxa5 Qe7 38. Qc3 Kf7 39. Rg1 Rd8 40. Rc1 Rd7 41. g5 hxg5 42. hxg5 Qe5+ 43. Qxe5 dxe5 44. Bh5+ Kg7 45. Rc6 fxg5 46. Be8 Rd8 47. Rxc7+ Kf8 48. Bb5 Bxf5 49. exf5 Rxd5 50. Bc4 Rd2+ 51. Kg3 h5 52. f6 1-0

[Event "Quebec op"]
[Site "Montreal CAN"]
[Date "2012.07.24"]
[Round "5"]
[White "Tomb, Maroun"]
[Black "Chiku-Ratte, Olivier-Kenta"]
[Result "1-0"]
[WhiteElo "2087"]
[BlackElo "2196"]
[PlyCount "103"]
[GameId "2160767909442084"]
[EventDate "2012.07.21"]
[EventType "swiss"]
[EventRounds "9"]
[EventCountry "CAN"]
[SourceTitle "hb 2012"]

1. e4 c5 2. Nf3 d6 3. d4 cxd4 4. Nxd4 Nf6 5. Nc3 g6 6. Be3 Bg7 7. Bc4 Nc6 8. f3 O-O 9. Qd2 Bd7 10. O-O-O Rc8 11. Bb3 Nxd4 12. Bxd4 b5 13. Bxa7 Qa5 14. Bd4 b4 15. Nd5 Nxd5 16. exd5 Ba4 17. Qe3 Bxb3 18. Qxb3 Qc7 19. Bxg7 Kxg7 20. Rhe1 Ra8 21. Re4 Rfc8 22. Kb1 Qc5 23. Rde1 Ra7 24. R1e3 Rca8 25. c3 Qb5 26. cxb4 Rxa2 27. Qc3+ Kg8 28. Rxe7 Ra1+ 29. Kc2 Qa4+ 30. Kd3 Qd1+ 31. Qd2 Qf1+ 32. Qe2 Qg1 33. g3 Qb1+ 34. Qc2 Qf1+ 35. Qe2 Qc1 36. Qc2 Qf1+ 37. Ke4 Qh3 38. g4 Qh4 39. Kd3 Rf8 40. b5 Qg5 41. Qb3 Ra5 42. Re8 Ra8 43. Rxa8 Rxa8 44. b6 Rb8 45. Qc4 Qd8 46. Qc7 Kf8 47. Qxd8+ Rxd8 48. Kc4 Rc8+ 49. Kb5 Rb8 50. Kc6 Rc8+ 51. Kd7 Rc2 52. b7 1-0

[Event "Quebec op"]
[Site "Montreal CAN"]
[Date "2012.07.24"]
[Round "5"]
[White "Trottier, Emile"]
[Black "Zhang, Yuanchen"]
[Result "1/2-1/2"]
[WhiteElo "2066"]
[BlackElo "1987"]
[PlyCount "69"]
[GameId "2160767909442085"]
[EventDate "2012.07.21"]
[EventType "swiss"]
[EventRounds "9"]
[EventCountry "CAN"]
[SourceTitle "hb 2012"]

1. e4 c5 2. c3 d5 3. exd5 Qxd5 4. d4 Nc6 5. Nf3 cxd4 6. cxd4 e5 7. Nc3 Bb4 8. a3 Bxc3+ 9. bxc3 Bg4 10. Be2 exd4 11. cxd4 Nge7 12. O-O O-O 13. Bb2 Rfd8 14. Re1 Qd6 15. Ne5 Bxe2 16. Qxe2 Nd5 17. Qf3 Qf6 18. Qxf6 Nxf6 19. Nxc6 bxc6 20. Rac1 Rab8 21. Re2 Re8 22. Rxe8+ Rxe8 23. Kf1 Rc8 24. a4 Kf8 25. Ba3+ Ke8 26. Re1+ Kd8 27. Be7+ Kd7 28. Bc5 Nd5 29. Rb1 Kc7 30. f3 Re8 31. a5 a6 32. Bb6+ Kd7 33. Bc5 Kc7 34. Bb6+ Kd7 35. Bc5 1/2-1/2